Statistics for Barclays Premier League 2011-12

Click here to take the quiz!

General Stats

  • This quiz has been taken 498 times
  • The average score is 17 of 20

Answer Stats

Answer% Correct
Manchester United
100%
Manchester City
99%
Arsenal
98%
Chelsea
96%
Liverpool
95%
Aston Villa
92%
Everton
90%
Tottenham Hotspur
89%
Newcastle United
87%
Sunderland
84%
Wolverhampton Wanderers
82%
Fulham
80%
West Bromwich Albion
79%
Norwich City
77%
Queens Park Rangers
77%
Stoke City
76%
Blackburn Rovers
75%
Swansea City
74%
Bolton Wanderers
72%
Wigan Athletic
71%

Score Distribution

Percentile by Number Answered

Percent of People with Each Score

Your Score History

You have not taken this quiz